The outlook of the quantity surveying profession in Canada (Record no. 83354)

MARC details
000 -LEADER
fixed length control field 00838cab a22001935a 4500
001 - CONTROL NUMBER
control field L153713
008 - FIXED-LENGTH DATA ELEMENTS--GENERAL INFORMATION
fixed length control field 110822s2011 xxk 000 0 eng d
035 ## - SYSTEM CONTROL NUMBER
System control number (Sirsi) u153713
041 0# - LANGUAGE CODE
Language code of text/sound track or separate title eng
100 1# - MAIN ENTRY--PERSONAL NAME
Personal name Evans, Clive E. J.
245 04 - TITLE STATEMENT
Title The outlook of the quantity surveying profession in Canada
260 ## - PUBLICATION, DISTRIBUTION, ETC.
Date of publication, distribution, etc. 2011
490 ## - SERIES STATEMENT
Series statement Construction Economist
Volume/sequential designation Summer 2011, 10-12(3)
520 ## - SUMMARY, ETC.
Summary, etc. Summary of a paper presented by a CIQS past president, it looks at government as the major industry across Canada, and suggests that the quantity surveying profession in Canada lags behind all of the Commonwealth countries and others; asks what quantity surveyors do in Canada and predicts that RICS Americas will benefit the profession in Canada.
590 ## - LOCAL NOTE (RLIN)
Local note KA
651 #4 - SUBJECT ADDED ENTRY--GEOGRAPHIC NAME
Geographic name Canada
690 ## - LOCAL SUBJECT ADDED ENTRY--TOPICAL TERM (OCLC, RLIN)
Topical term or geographic name as entry element Quantity surveying
9 (RLIN) 6263
942 ## - ADDED ENTRY ELEMENTS (KOHA)
Suppress in OPAC 0
Holdings
Withdrawn status Lost status Source of classification or shelving scheme Damaged status Not for loan Home library Current library Shelving location Date acquired Total Checkouts Full call number Barcode Date last seen Copy number Price effective from Koha item type
    Dewey Decimal Classification     Virtual Virtual Online 22/08/2011   L153713 153713-2001 06/08/2019 1 06/08/2019 Book